Gender justice beyond binaries: a critical analysis of the protective laws in India (Record no. 530648)

000 -LEADER
fixed length control field 01927nam a22001457a 4500
008 - FIXED-LENGTH DATA ELEMENTS--GENERAL INFORMATION
fixed length control field 250630b ||||| |||| 00| 0 eng d
100 ## - MAIN ENTRY--PERSONAL NAME
Personal name Gupta, Ayesha
245 ## - TITLE STATEMENT
Title Gender justice beyond binaries: a critical analysis of the protective laws in India
260 ## - PUBLICATION, DISTRIBUTION, ETC. (IMPRINT)
Place of publication, distribution, etc Bihar Journal of Public Administration
300 ## - PHYSICAL DESCRIPTION
Extent 21(2s), Jul-Dec, 2024: p.471-482
520 ## - SUMMARY, ETC.
Summary, etc The protection of the basic rights of those falling beyond male-female categories
(LGBT) have been recognised as constitutional rights by the governments
and society at large. Their rights have been protected by a major law namely
Transgender Persons (Protection of Rights) Act, 2019, in India in order to bring
them into mainstream society. But their miseries still prevail due to lack of
social acceptability and inconsistent implementation of the Law. This exclusion
not only perpetuates discrimination but also denies these citizens’ access to
fundamental rights and opportunities. The legal framework of the Act has been
under criticism on various issues like inadequate defi nition of gender identity,
attitude of the administration and police, ensuring the public service delivery to
them and violence meted out to them by the rest of the society. In view of this
situation, the present paper intends to examine the effectiveness of the Act in the
light of legal provisions, opinion of the superior judiciary and attitude of the
administration. It has been found that the Law ignores the issues like formation
of family, certifi cation problems and ensured eligibility of public services. Besides,
it is the need of the hour to provide supportive laws to make it more effective. - Reproduced

http://www.iipabiharbranch.org/upload/BJPA%20Vol.%20XXI%20No%202(S).pdf
650 ## - SUBJECT ADDED ENTRY--TOPICAL TERM
Topical term or geographic name as entry element : gender justice, rights, transgender, LGBT, exclusion, Law, India
9 (RLIN) 54860
942 ## - ADDED ENTRY ELEMENTS (KOHA)
Item type Articles
Holdings
Withdrawn status Lost status Source of classification or shelving scheme Damaged status Not for loan Permanent location Current location Date acquired Barcode Date last seen Koha item type
          Indian Institute of Public Administration Indian Institute of Public Administration 2025-06-30 AR136440 2025-06-30 Articles

Powered by Koha